ADVERTISING AND PROMOTION AN INTEGRATED (Record no. 8659)

MARC details
000 -LEADER
fixed length control field 00358nam a2200133Ia 4500
008 - FIXED-LENGTH DATA ELEMENTS--GENERAL INFORMATION
fixed length control field 240624s9999 xx 000 0 und d
041 ## - LANGUAGE CODE
Language code of text/sound track or separate title eng
082 ## - DEWEY DECIMAL CLASSIFICATION NUMBER
Classification number 659.1 BEL
100 ## - MAIN ENTRY--PERSONAL NAME
Personal name BELCH GEORGE E
245 ## - TITLE STATEMENT
Title ADVERTISING AND PROMOTION AN INTEGRATED
250 ## - EDITION STATEMENT
Edition statement (6th ed.)
260 ## - PUBLICATION, DISTRIBUTION, ETC.
Date of publication, distribution, etc. 2003
Place of publication, distribution, etc. New Delhi
Name of publisher, distributor, etc. Tata McGrawhill
300 ## - PHYSICAL DESCRIPTION
Extent xxvi, : 779 : p. : cm. ; 26
Holdings
Withdrawn status Lost status Damaged status Not for loan Home library Current library Shelving location Date acquired Full call number Barcode Date last seen Price effective from Koha item type
Store Books       IMTN IMTN Rack 35-B 05/12/2008 659.1 BEL 8659 06/24/2024 06/24/2024 Books
Designed & Maintained by: LRC IMT Nagpur Contact: lrc@imtnag.ac.in© 2024. All Rights Reserved.